Scottish house condition survey (Record no. 110282)

MARC details
000 -LEADER
fixed length control field 01254cad a22002775a 4500
001 - CONTROL NUMBER
control field E148913
008 - FIXED-LENGTH DATA ELEMENTS--GENERAL INFORMATION
fixed length control field 091126e20091126xxkd f s s000 0 eng d
020 ## - INTERNATIONAL STANDARD BOOK NUMBER
International Standard Book Number 9780755977499
035 ## - SYSTEM CONTROL NUMBER
System control number (Sirsi) u148913
041 0# - LANGUAGE CODE
Language code of text/sound track or separate title eng
050 04 - LIBRARY OF CONGRESS CALL NUMBER
Classification number 306.1 $2 18
100 1# - MAIN ENTRY--PERSONAL NAME
Personal name Cairns, Pat
245 00 - TITLE STATEMENT
Title Scottish house condition survey
Remainder of title key findings 2008
Medium [electronic resource]
260 ## - PUBLICATION, DISTRIBUTION, ETC.
Place of publication, distribution, etc. Edinburgh
Name of publisher, distributor, etc. Scottish Government
Date of publication, distribution, etc. 2009
505 2# - FORMATTED CONTENTS NOTE
Formatted contents note Key indicators of the Scottish housing stock -- Energy efficiency -- Fuel poverty -- Housing quality -- Notes and definitions -- Tables
520 ## - SUMMARY, ETC.
Summary, etc. The Scottish House Condition Survey is the only national survey of housing undertaken in Scotland. This is the fifth 'Key Findings' Report to be produced since 2003, when the survey changed to a continuous format. Prior to that date, surveys were conducted in 1991, 1996 and 2002.
650 24 - SUBJECT ADDED ENTRY--TOPICAL TERM
Topical term or geographic name entry element SCOTTISH HOUSE CONDITION SURVEY
651 #4 - SUBJECT ADDED ENTRY--GEOGRAPHIC NAME
Geographic name Scotland
Chronological subdivision 1999-
690 ## - LOCAL SUBJECT ADDED ENTRY--TOPICAL TERM (OCLC, RLIN)
Topical term or geographic name as entry element Residential property
9 (RLIN) 6266
700 1# - ADDED ENTRY--PERSONAL NAME
Personal name Cormack, Dave
700 1# - ADDED ENTRY--PERSONAL NAME
Personal name MacDonald, Eilidh
700 1# - ADDED ENTRY--PERSONAL NAME
Personal name Mate, Ian
700 1# - ADDED ENTRY--PERSONAL NAME
Personal name McLaren, David
856 40 - ELECTRONIC LOCATION AND ACCESS
Uniform Resource Identifier <a href="https://www.scotland.gov.uk/Publications/2009/11/23090958/0">https://www.scotland.gov.uk/Publications/2009/11/23090958/0</a>
Public note View the item free of charge at www.scotland.gov.uk...
942 ## - ADDED ENTRY ELEMENTS (KOHA)
Suppress in OPAC 0
Holdings
Withdrawn status Lost status Source of classification or shelving scheme Damaged status Not for loan Home library Current library Shelving location Date acquired Total Checkouts Full call number Barcode Date last seen Copy number Price effective from Koha item type
    Dewey Decimal Classification     Virtual Virtual Online 26/11/2009   ONLINE PUBLICATION 148913-2001 06/08/2019 1 06/08/2019 Book